Państwa, które mają największy procent osób poniżej 15 roku życia - Statystyki

Ogólne statystyki
  • Ten quiz został rozwiązany 19 razy
  • Średni wynik to 7 z 14
Statystyki odpowiedzi
% Państwo % Poprawnych
44 Nigeria
94%
40 Kenia
75%
34 Egipt
63%
41 Etiopia
63%
28* Indie
63%
35 Pakistan
63%
48 Uganda
56%
45 Tanzania
56%
46 Demokratyczna Republika Konga
44%
28* Bangladesz
38%
32 Filipiny
25%
27* Indonezja
25%
27* Meksyk
25%
25 Turcja
25%
Nie znaleziono quizów pasujących do podanych kryteriów
Rozkład punktacji
Procent ludzi z każdym wynikiem
Percentyl według liczby udzielonych odpowiedzi
Twoja historia wyników
Nie rozwiązałeś tego quizu